000 00582nam a2200229Ia 4500
003 OSt
005 20220918231250.0
006 a|||||r|||| 00| 0
007 ta
008 220917b |||||||| |||| 00| 0 eng d
024 _a271,752
037 _cTextual
040 _aARTS
_cARTS
_beng
041 _2eng
_aeng
082 _aO111,3MST,DD, 153L2
245 0 _aXosh dk ikJhnk
260 _c1972
650 _anzrq/ih ;kfjs
700 _afNqNw?No, n?oftB
_9154082
942 _hO111,3MST,DD, 153L2
_cTEXL
_2CC
999 _c290359
_d290359